000 00674nam a2200229 i 4500
001 C2-0226650
003 PPAK
005 20180728154328.0
008 000628s1964 enka|||| ||||| | eng d
040 _aPPAK
_beng
_cPPAK
_erda
082 0 4 _a959.503
_223
090 0 0 _a959.503
_bMAL
_dKK
245 0 0 _aMalayan and Indonesian studies
264 1 _aLondon :
_bOxford University Press ,
_c1964
300 _a399 pages :
_billustrations ;
_c22 cm
336 _2rdacontent
_atext
337 _2rdamedia
_aunmediated
338 _2rdacarrier
_avolume
650 1 0 _aIndonesia - History ; Malaya - History
700 1 _aBastin, John ; Roolvink, R.,
_eeditor
942 _ddc
_cB
999 _c146906
_d146906